Offices sector stars in the flat first half of 2011 (Record no. 83324)

MARC details
000 -LEADER
fixed length control field 01129cab a22002055a 4500
001 - CONTROL NUMBER
control field L153584
008 - FIXED-LENGTH DATA ELEMENTS--GENERAL INFORMATION
fixed length control field 110808e20110729xxk 000 0 eng d
035 ## - SYSTEM CONTROL NUMBER
System control number (Sirsi) u153584
041 0# - LANGUAGE CODE
Language code of text/sound track or separate title eng
110 2# - MAIN ENTRY--CORPORATE NAME
Corporate name or jurisdiction name as entry element Property Week
9 (RLIN) 1549
245 00 - TITLE STATEMENT
Title Offices sector stars in the flat first half of 2011
260 ## - PUBLICATION, DISTRIBUTION, ETC.
Date of publication, distribution, etc. 2011
490 #0 - SERIES STATEMENT
Series statement Property Week
Volume/sequential designation 77(30) 29 July 2011, 34-35(2)
520 ## - SUMMARY, ETC.
Summary, etc. PropertyData's commercial investment league tables for the first half of 2011 shows the market trading at similar levels to the start of 2010. Transactions totalled £17bn for the six-month period with the office sector the leader and industrial and retail losing ground. Jones Lang LaSalle with £3bn of investment deals even before its merger with King Sturge is the clear winner. Tables cover the top 20 agencies in all property, office, industrial and retail categories for H1 2011 and H1 2010 for comparison.
590 ## - LOCAL NOTE (RLIN)
Local note KA
651 #4 - SUBJECT ADDED ENTRY--GEOGRAPHIC NAME
Geographic name United Kingdom
Chronological subdivision
690 ## - LOCAL SUBJECT ADDED ENTRY--TOPICAL TERM (OCLC, RLIN)
Topical term or geographic name as entry element PROPERTY-COMMERCIAL PROPERTY-COMMERCIAL PROPERTY MARKET
690 ## - LOCAL SUBJECT ADDED ENTRY--TOPICAL TERM (OCLC, RLIN)
Topical term or geographic name as entry element PROPERTY-COMMERCIAL PROPERTY-COMMERCIAL PROPERTY FINANCE AND INVESTMENT
942 ## - ADDED ENTRY ELEMENTS (KOHA)
Suppress in OPAC 0
Holdings
Withdrawn status Lost status Source of classification or shelving scheme Damaged status Not for loan Home library Current library Shelving location Date acquired Total Checkouts Full call number Barcode Date last seen Copy number Price effective from Koha item type
    Dewey Decimal Classification     London London Journal article 08/08/2011   L153584 153584-1001 06/08/2019 1 06/08/2019 Journal article